<?xml version="1.0" encoding="UTF-8"?>
<record
    xmlns:xsi="http://www.w3.org/2001/XMLSchema-instance"
    xsi:schemaLocation="http://www.loc.gov/MARC21/slim http://www.loc.gov/standards/marcxml/schema/MARC21slim.xsd"
    xmlns="http://www.loc.gov/MARC21/slim">

  <leader>00469nam a2200181Ia 4500</leader>
  <controlfield tag="003">OSt</controlfield>
  <controlfield tag="005">20241203160941.0</controlfield>
  <controlfield tag="008">230411s9999    xx            000 0 und d</controlfield>
  <datafield tag="020" ind1=" " ind2=" ">
    <subfield code="a">9789392019265</subfield>
  </datafield>
  <datafield tag="041" ind1=" " ind2=" ">
    <subfield code="a">eng</subfield>
  </datafield>
  <datafield tag="082" ind1=" " ind2=" ">
    <subfield code="a">F/610.73/FRA/B09951</subfield>
  </datafield>
  <datafield tag="100" ind1=" " ind2=" ">
    <subfield code="a">Nayanamanasa V</subfield>
    <subfield code="9">180190</subfield>
  </datafield>
  <datafield tag="245" ind1=" " ind2=" ">
    <subfield code="a">Nursing Foundation - I for BSc Nursing Students Sem - I</subfield>
  </datafield>
  <datafield tag="260" ind1=" " ind2=" ">
    <subfield code="b">Bookera </subfield>
    <subfield code="a">Jaipur</subfield>
    <subfield code="c">2021</subfield>
  </datafield>
  <datafield tag="300" ind1=" " ind2=" ">
    <subfield code="a">448p</subfield>
  </datafield>
  <datafield tag="942" ind1=" " ind2=" ">
    <subfield code="2">ddc</subfield>
    <subfield code="c">DB</subfield>
  </datafield>
  <datafield tag="999" ind1=" " ind2=" ">
    <subfield code="c">158716</subfield>
    <subfield code="d">158716</subfield>
  </datafield>
  <datafield tag="952" ind1=" " ind2=" ">
    <subfield code="0">0</subfield>
    <subfield code="1">0</subfield>
    <subfield code="4">0</subfield>
    <subfield code="7">3</subfield>
    <subfield code="8">F</subfield>
    <subfield code="a">BTIN</subfield>
    <subfield code="b">BTIN</subfield>
    <subfield code="d">2023-01-04</subfield>
    <subfield code="e">Patil Medical Book House</subfield>
    <subfield code="g">470.00</subfield>
    <subfield code="i">8154</subfield>
    <subfield code="o">F 610.73 FRA B09951</subfield>
    <subfield code="p">BTIN-BK-9951</subfield>
    <subfield code="r">2023-04-11 00:00:00</subfield>
    <subfield code="v">376.00</subfield>
    <subfield code="w">2023-01-03</subfield>
    <subfield code="y">BK</subfield>
    <subfield code="z">B09951</subfield>
  </datafield>
  <datafield tag="952" ind1=" " ind2=" ">
    <subfield code="0">0</subfield>
    <subfield code="1">0</subfield>
    <subfield code="2">ddc</subfield>
    <subfield code="4">0</subfield>
    <subfield code="7">0</subfield>
    <subfield code="a">SNCN</subfield>
    <subfield code="b">SNCN</subfield>
    <subfield code="d">2024-11-29</subfield>
    <subfield code="e">Ms.Roshani Bondule</subfield>
    <subfield code="g">400.00</subfield>
    <subfield code="i">IK#2024-25#00257</subfield>
    <subfield code="l">2</subfield>
    <subfield code="o">F/610.73/FRA/B09951</subfield>
    <subfield code="p">SNCN-DB-248</subfield>
    <subfield code="r">2025-12-31 16:23:57</subfield>
    <subfield code="s">2025-12-23</subfield>
    <subfield code="v">400.00</subfield>
    <subfield code="w">2024-12-07</subfield>
    <subfield code="y">DB</subfield>
  </datafield>
</record>
